Observatorio empresarial : primer boletín /

Bibliographic Details
Main Author: Álvarez Valencia, Juan Francisco (Author)
Format: Electronic eBook
Language:Spanish
Published: Cuenca, Ecuador : Universidad del Azuay, Casa Editora, [2018]
Subjects:
Online Access:Digitalia Hispánica

MARC

LEADER 00000nam a2200000Ii 4500
001 DIGUAZUAY0034
003 NyNyDIG
006 m o d
007 cr |||||||||||
008 251104s2018 ec a ob 000 0 spa d
035 |a (OCoLC)1438854430 
040 |a DGITA  |b eng  |e rda  |e pn  |c DGITA 
020 |a 9789942778581  |q eBook 
020 |z 9789942778550 
043 |a s-ec--- 
050 1 4 |a HC202 ebook 
245 0 0 |a Observatorio empresarial :  |b primer boletín /  |c equipo investigador, Juan Francisco Álvarez Valencia [and 9 others] 
264 1 |a Cuenca, Ecuador :  |b Universidad del Azuay, Casa Editora,  |c [2018] 
300 |a 1 online resource :  |b illustrations. 
336 |a text  |b txt  |2 rdacontent 
337 |a computer  |b c  |2 rdamedia 
338 |a online resource  |b cr  |2 rdacarrier 
347 |a text file  |2 rdaft 
347 |b PDF 
504 |a Includes bibliographical references. 
588 0 |a Online resource; title from PDF title page (Digitalia, viewed November 4, 2025) 
650 0 |a Business enterprises  |z Ecuador  |z Azuay. 
650 0 |a Business forecasting  |z Ecuador  |z Azuay. 
650 0 |a Social responsibility of business  |z Ecuador  |z Azuay. 
650 0 |a Food industry and trade  |z Ecuador  |z Azuay. 
700 1 |a Álvarez Valencia, Juan Francisco,  |e author. 
791 2 |a Digitalia (Firm),  |e distributor. 
793 0 |g Digitalia eBook Collection:  |a Universidad del Azuay 
776 0 8 |i Print version:  |t Observatorio empresarial.  |d Cuenca, Ecuador : Universidad del Azuay, Casa Editora, [2018]  |z 9789942778550 
856 4 0 |3 Digitalia Hispánica  |u https://www.digitaliapublishing.com/a/133417/ 
910 |a Premium collection: 2025